| 000 | 00667nam a2200181 a 4500 | ||
|---|---|---|---|
| 003 | 0 | ||
| 005 | 20250603075005.0 | ||
| 008 | 021122s19uu xx 00 eng d | ||
| 050 |
_aPHS HF 5386 _b.B66 2002 |
||
| 100 | _aBonifacio, Ferdinand Jr. M. | ||
| 245 |
_aThe Educational background and the financial success of selected business men / _cFerdinand M. Bonifacio Jr. |
||
| 260 |
_aLas PiƱas City, Philippines : _bSouthville International School and Colleges, _c2002. |
||
| 300 |
_a18 pages : _billustrations ; _c28 cm. |
||
| 504 | _aIncludes bibliographical references. | ||
| 650 |
_aBusinessmen _xEducation. |
||
| 650 | _aSuccess in business. | ||
| 942 |
_2lcc _cPASS |
||
| 999 |
_c96682 _d96682 |
||